الغزو الأمريكي للعراق حقائق وأرقام / (رقم التسجيلة. 3190)

تفاصيل مارك
000 -LEADER
fixed length control field 00608nam a22001937a 4500
005 - DATE AND TIME OF LATEST TRANSACTION
control field 20251108164101.0
008 - FIXED-LENGTH DATA ELEMENTS--GENERAL INFORMATION
fixed length control field 250721s2012 xx 000 0 ara d
082 14 - DEWEY DECIMAL CLASSIFICATION NUMBER
Classification number 956.3/ألو
100 1# - MAIN ENTRY--PERSONAL NAME
Personal name الآلوسي، سؤدد فؤاد
245 10 - TITLE STATEMENT
Title الغزو الأمريكي للعراق حقائق وأرقام /
264 1# - PRODUCTION, PUBLICATION, DISTRIBUTION, MANUFACTURE, AND COPYRIGHT NOTICE
Place of production, publication, distribution, manufacture عمان :
Name of producer, publisher, distributor, manufacturer دار المعتز للنشر والتوزيع،
Date of production, publication, distribution, manufacture, or copyright notice 2012.
300 ## - PHYSICAL DESCRIPTION
Extent 249ص.
650 17 - SUBJECT ADDED ENTRY--TOPICAL TERM
Topical term or geographic name as entry element التاريخ
650 17 - SUBJECT ADDED ENTRY--TOPICAL TERM
Topical term or geographic name as entry element العراق
650 17 - SUBJECT ADDED ENTRY--TOPICAL TERM
Topical term or geographic name as entry element الولايات المتحدة
650 17 - SUBJECT ADDED ENTRY--TOPICAL TERM
Topical term or geographic name as entry element الاحتلال العسكري
942 ## - ADDED ENTRY ELEMENTS (KOHA)
Source of classification or shelving scheme Dewey Decimal Classification
Koha item type كتب
المقتنيات
حالة السحب حالة الفقدان مصدر التصنيف حالة التلف غير قابل للإعارة المكتبة الرئيسية المكتبة الحالية موقع الرف تاريخ التزويد الرقم المتسلسل Total Checkouts رقم الإستدعاء تاريخ آخر ظهور تاريخ الفاتورة نوع المادة (كوها) الباركود
    Dewey Decimal Classification     المكتبة المركزية المكتبة المركزية مقتنيات قسم التزويد 28/07/2025 1506234   956.3/ألو 28/07/2025 28/07/2025 كتب  
    Dewey Decimal Classification     المكتبة المركزية المكتبة المركزية مقتنيات قسم التزويد 22/12/2011 1506246   956.3/ألو 28/07/2025 22/12/2011 كتب PLD00236606
    Dewey Decimal Classification     مكتبة أبو علندا العامة مكتبة أبو علندا العامة الإعارة 22/12/2011 1506235   956.3/ألو 28/07/2025 22/12/2011 كتب PLD00236596
    Dewey Decimal Classification     مكتبة أم قصير والمقابلين العامة مكتبة أم قصير والمقابلين العامة الإعارة 22/12/2011 1506239   956.3/ألو 28/07/2025 22/12/2011 كتب PLD00236600
    Dewey Decimal Classification     مكتبة الأميرة ايمان العامة مكتبة الأميرة ايمان العامة الإعارة 22/12/2011 1506236   956.3/ألو 28/07/2025 22/12/2011 كتب PLD00236597
    Dewey Decimal Classification     مكتبة الاميرة بديعة مكتبة الاميرة بديعة الإعارة 22/12/2011 1506237   956.3/ألو 28/07/2025 22/12/2011 كتب PLD00236598
    Dewey Decimal Classification     مكتبة الجويدة مكتبة الجويدة الإعارة 22/12/2011 1506238   956.3/ألو 28/07/2025 22/12/2011 كتب PLD00236599
    Dewey Decimal Classification     مكتبة الحسن العامة مكتبة الحسن العامة الإعارة 22/12/2011 1506242   956.3/ألو 28/07/2025 22/12/2011 كتب PLD00236607
    Dewey Decimal Classification     مكتبة النصر العامة مكتبة النصر العامة الإعارة 22/12/2011 1506243   956.3/ألو 28/07/2025 22/12/2011 كتب PLD00236603
    Dewey Decimal Classification     مكتبة حمزة العامة مكتبة حمزة العامة الإعارة 22/12/2011 1506240   956.3/ألو 28/07/2025 22/12/2011 كتب PLD00236601
    Dewey Decimal Classification     مكتبة صويلح العامة مكتبة صويلح العامة الإعارة 22/12/2011 1506241   956.3/ألو 28/07/2025 22/12/2011 كتب PLD00236602
    Dewey Decimal Classification     مكتبة وادي السير العامة مكتبة وادي السير العامة الإعارة 22/12/2011 1506245   956.3/ألو 28/07/2025 22/12/2011 كتب PLD00236605
Implemented & Customized by: BBB with SCIT (Smart Chains for Information Technology)

Powered by Koha